000 00346nam a22001457a 4500
082 _a651.3
_bYAD
100 _aYADAV, MANOJ.KUMAR
245 _aTEXT BOOK OF HOTEL FRONT OFFICE MANAGEMENT
250 _a1ST
260 _aDELHI
_bAMAN
_c2010
300 _a399
650 _aOFFICE MANAGEMENT
653 _aOFFICE, FRONT OFFICE
942 _2ddc
_cBK
_06
999 _c8033
_d8033